| 000 | 00877cam a22002891 4500 | ||
|---|---|---|---|
| 008 | 171225s1961 enkab 000 0 eng d | ||
| 040 |
_aEG-GiCUC _beng _cEG-GiCUC |
||
| 043 | _ae-it--- | ||
| 092 | 0 | 4 |
_a914.504 _bL458 _221 |
| 099 |
_a04 _a914.504 L458 |
||
| 100 | 1 | _aLechat, P. | |
| 245 | 1 | 0 |
_aItaly : _cP. Lechat ; cLinedrawings Remo Forlani ; translated Yvonne Kapp. |
| 260 |
_aLondon : _bVista Books , _c1961. |
||
| 300 |
_a192 p. : _b ill , maps ; . _c20 cm. |
||
| 490 | 1 |
_aVista books ; _v1. |
|
| 651 | 0 |
_aItaly _vGuidebooks. |
|
| 651 | 0 |
_aItaly _xDescription and travel. |
|
| 651 | 0 |
_aItaly _xHistory. |
|
| 700 | 1 | _aForlani, Râemo. | |
| 700 | 1 |
_aKapp, Yvonne, _d1903-1999. |
|
| 830 | 0 |
_aVista books ; _v1. |
|
| 902 | _a1 | ||
| 905 |
_aGhada _eCat. |
||
| 905 |
_aJihan _eRev. |
||
| 942 |
_2ddc _cBK |
||
| 999 |
_c148418 _d148418 |
||